000 01380nam a2200253Ii 4500
008 221202s xx 000 0 und d
245 0 _aBerufsbildung, eine Renaissance?
246 _aMotor für Innovation, Beschäftigung, Teilhabe, Aufstieg, Wohlstand, ...
264 1 _aBielefeld
_bW. Bertelsmann Verlag
_c2017
300 _a1 online resource
336 _atext
_btxt
_2rdacontent
337 _acomputer
_bc
_2rdamedia
338 _aonline resource
_bcr
_2rdacarrier
520 _aThe potential role of vocational education in Austria, Germany and Switzerland was the topic of the Fifth Austrian Conference on Vocational Education and Training Research 2016 (5. Österreichische Berufsbildungsforschungskonferenz 2016). The debate revolved around the expectations of vocational education, for example whether it promotes social integration and mobility, if it can be understood as a driver of innovation and whether it is capable of providing employment impulses.
653 _aBerufsbildungsforschung
653 _aSociology
700 1 _aGramlinger, Franz
700 1 _aMoser, Daniela
700 1 _aSchlögl, Peter
700 1 _aSchmid, Kurt
700 1 _aStock, Michaela
856 _uhttps://docs.google.com/spreadsheets/d/1yKIrdCPDAG_9c22mwoOIO2DOhtj65Wqa/edit?usp=sharing&ouid=106555315294820607512&rtpof=true&sd=true
_yList of Curated E-Books
942 _cE-BOOK
999 _c91963
_d91960